|
|
|
|
| LEADER |
01196cam a2200289 7i4500 |
| 001 |
0000029809 |
| 005 |
20231226090000.0 |
| 008 |
090910 bm |
| 020 |
|
|
|a 9789831953303 (pbk.)
|
| 090 |
0 |
0 |
|a JQ719.A795
|b I38 2007
|
| 100 |
0 |
|
|a Ishak Saat
|
| 245 |
1 |
0 |
|a Sejarah politik Melayu pelbagai aliran
|c Ishak Saat.
|
| 260 |
|
|
|a Shah Alam, Selangor:
|b Karisma Pub. Sdn. Bhd.,
|c 2007.
|
| 300 |
|
|
|a viii, 269 p.;
|c 21 cm.
|
| 500 |
|
|
|a Gift: Prof. Dr. Shaharuddin Badaruddin
|
| 504 |
|
|
|a Includes bibliographical references
|
| 650 |
0 |
0 |
|a Political parties
|
| 650 |
0 |
0 |
|a Malays --
|x Politics and government --
|x History
|
| 651 |
|
0 |
|a Malaysia --
|x Politics and government
|
| 997 |
|
|
|a Perpustakaan Peringatan Siddiq Fadzil
|
| 997 |
|
|
|a Education & Social Sciences, Faculty
|
| 999 |
|
|
|a 0000034878
|b BOK
|c OPEN SHELF
|e 1st Floor, Bestari Jaya
|
| 999 |
|
|
|a 0000034879
|b BOK
|c OPEN SHELF
|e 1st Floor, Bestari Jaya
|
| 999 |
|
|
|a 0000034880
|b BOK
|c OPEN SHELF
|e 1st Floor, Bestari Jaya
|
| 999 |
|
|
|a 0000034881
|b BOK
|c OPEN SHELF
|e 1st Floor, Bestari Jaya
|
| 999 |
|
|
|a 0000034882
|b BOK
|c OPEN SHELF
|e 1st Floor, Bestari Jaya
|
| 999 |
|
|
|a 0000043811
|b BOK
|c OPEN SHELF
|e 1st Floor, Shah Alam
|